Los sueños de la razón: ciencia y utopías
שמור ב:
| מחבר ראשי: | |
|---|---|
| פורמט: | ספר |
| שפה: | ספרדית |
| יצא לאור: |
Ciudad de México
Fondo de Cultura Económica
1967
|
| סדרה: | Breviarios del Fondo de Cultura Económica, 190
|
| נושאים: | |
| תגים: |
הוספת תג
אין תגיות, היה/י הראשונ/ה לתייג את הרשומה!
|
MARC
| LEADER | 00000nam a2200000 a 4500 | ||
|---|---|---|---|
| 001 | UCX2978 | ||
| 003 | CL-VaPUC | ||
| 008 | 910910e19670000MX |||||||||||||||||spa|d | ||
| 082 | 0 | 4 | |a 146 |b DUB |2 21 |
| 100 | 0 | |a Dubos, René |e author |9 319107 | |
| 245 | 1 | 4 | |a Los sueños de la razón: ciencia y utopías |
| 300 | |a 158 p | ||
| 942 | |c BK | ||
| 945 | |d 19910910 00:00:00 | ||
| 260 | |a Ciudad de México |b Fondo de Cultura Económica |c 1967 | ||
| 650 | 0 | |a Filosofía de las ciencias |9 256466 | |
| 583 | |a last modification |c 19910910 00:00:00 |k Rodrigo Vera | ||
| 490 | 0 | |a Breviarios del Fondo de Cultura Económica, 190 | |
| 999 | |c 223871 |d 223869 | ||
| 952 | |0 0 |1 0 |4 0 |6 146_000000000000000_DUB_1967 |7 0 |8 A |9 220099 |a BIBEDU |b BIBEDU |d 2019-11-15 |i 288769K |o 146 DUB 1967 |p 288769K |r 2019-11-15 |w 2019-11-15 |y BK |k FIL | ||